<?xml version="1.0" encoding="UTF-8"?>
<collection xmlns="http://www.loc.gov/MARC21/slim">
 <record>
  <leader>05001nam a22002415a 4500</leader>
  <controlfield tag="001">EEA.libagro009720</controlfield>
  <controlfield tag="005">20160624101939.0</controlfield>
  <controlfield tag="008">041125s1996####ag#a#####bm###000#0#spa#d</controlfield>
  <datafield tag="082" ind1="0" ind2="4">
   <subfield code="a">040</subfield>
  </datafield>
  <datafield tag="100" ind1="1" ind2=" ">
   <subfield code="a">Del Valle, Héctor F.</subfield>
   <subfield code="4">dis</subfield>
  </datafield>
  <datafield tag="245" ind1="1" ind2="0">
   <subfield code="a">Procesos de fragmentación de paisajes y suelos a diferentes escalas en un sector de la biozona del monte patagónico (Chubut) /</subfield>
   <subfield code="c">Héctor F. Del Valle.</subfield>
  </datafield>
  <datafield tag="260" ind1=" " ind2=" ">
   <subfield code="c">1996.</subfield>
  </datafield>
  <datafield tag="300" ind1=" " ind2=" ">
   <subfield code="a">194 h. :</subfield>
   <subfield code="b">il. ;</subfield>
   <subfield code="c">29 cm..</subfield>
  </datafield>
  <datafield tag="500" ind1=" " ind2=" ">
   <subfield code="a">&quot;Tesis de Doctor en Agronomía&quot;.</subfield>
  </datafield>
  <datafield tag="500" ind1=" " ind2=" ">
   <subfield code="a">Director de tesis: Ramón A. Rosell.</subfield>
  </datafield>
  <datafield tag="502" ind1=" " ind2=" ">
   <subfield code="a">Tesis (doctoral)--Universidad Nacional del Sur, 1996.</subfield>
  </datafield>
  <datafield tag="504" ind1=" " ind2=" ">
   <subfield code="a">Incluye referencias bibliográficas.</subfield>
  </datafield>
  <datafield tag="520" ind1=" " ind2=" ">
   <subfield code="a">Los objetivos del presente estudio fueron: a) Caracterizar la variabilidad espacial y temporal a diferentes escalas en un sector de la biozona del Monte Patagónico (Chubut). b) Evaluar la influencia de parches módulos de dos especies dominantes: Atriplex lampa y Prosopis alpataco en las propiedades internas y externas del suelo para diferentes condiciones superficiales, y c) Evaluar el rol del microsistema parche-matriz en el ciclo y redistribución de algunos nutrientes principales en el suelo y la composición mineral de tejidos vegetales de las especies nutrientes. Los resultados encontrados para todos los niveles de escala reconocen, en general, la existencia de unidades discretas, definidas en sus bordes por discontinuidades y exponiendo variación continua de propiedades dentro de esos límites (variación mixta). El análisis en conjunto da a conocer otra forma de variación: una mezcla de orden y desorden en la estructura parche-matriz de los paisajes. El proceso de fragmentación es resultado de la combinación de parches naturales y antrópicos que varían en tamaño, forma y diseño. Los valores de los índices de diseño calculados (dimensión fractal, dominancia y efecto de borde) discriminan entre los diferentes tipos de paisajes del nivel macro y meso. Los índices de la dimensión fractal (F) y de dominancia (D) reflejan los diseños de los paisajes a escalas más amplias, y el efecto de borde (C) captura los atributos que incorpora la adyacencia de los hábitats. Los valores más grandes de F (1,33 a 1,46) están asociados con áreas donde la topografía y/o la delineación por el uso de la tierra originan parches de formas simples poligonales y/o rectangulares dominantes. Los paisajes que presentan valores altos de D (1,00 a 1,41), indican una supremacía de parches relativamente grandes en tamaño y a la inversa para los valores bajos (0,32 a 0,94). Los valores grandes de C (11,37 a 17,33) para la macroescala y (6,57 a 7,21) para la mesoescala, coincidentes con los valores altos de dominancia, indican un paisaje con un patrón mayor de clases aglutinadas o unidas (entre fragmentos grandes). En contraposición, los valores bajos, señalan una mayor disección (fragmentación) del paisaje en parches pequeños. Los coeficientes de variación más altos del índice fractal (38-44 por ciento) corresponden a los paisajes que denotan una mayor acción de disturbio (proceso de desertificación) más persistente en el tiempo, al nivel de la macroescala. La fragmentación del hábitat de la microescala coloca a las especies vivas en general en una posición de deterioro terminal o de riesgo demográfico si siguiera expandiéndose la matriz heterogénea de suelo desnudo. El tipo de parche identificado por su arbusto dominante afecta de distinta forma las propiedades edáficas y condiciona el patrón microespacial de los parches y matrices. Los parches con Atriplex lampa son más numerosos y constituirían factores de salinización edáfica espacial por sobre los otros tipos de fragmentos. El parche módulo Prosopis alpataco es el que presenta mayor calidad en la materia orgánica, basada en su composición elemental de carbono, nitrógeno y fósforo. Los polisacáridos y la lignina evidenciarían una variabilidad temporal en la calidad del mantillo, donde la producción primaria neta, la descomposición y la mineralización son particularmente diferentes en ambos parches. También existe un gran contraste entre los patrones de polisacáridos y lignina del mantillo y del suelo mineral. Si bien se aprecian discontinuidades espaciales verticales de alteración, estas serían producto más de la actividad de las raíces que promovidas por una influencia directa del mantillo. Los contenidos de polisacáridos no celulósicos son más elevados en el parche Prosopis alpataco, al igual que cuantitativamente la celulosa y la lignina, constituyendo una proporción muy importante de los detritus vegetales en el mantillo. CALIFICACION DEPARTAMENTO DE GRADUADOS Calificación de la defensa oral: Sobresaliente - 10 (diez) Fecha: 1/10/96</subfield>
  </datafield>
  <datafield tag="653" ind1=" " ind2=" ">
   <subfield code="a">Escalas de suelos</subfield>
  </datafield>
  <datafield tag="653" ind1=" " ind2=" ">
   <subfield code="a">Chubut</subfield>
  </datafield>
  <datafield tag="700" ind1="1" ind2=" ">
   <subfield code="a">Rosell, Ramón Antonio.</subfield>
   <subfield code="4">ths</subfield>
  </datafield>
  <datafield tag="710" ind1="2" ind2=" ">
   <subfield code="a">Universidad Nacional del Sur.</subfield>
  </datafield>
  <datafield tag="859" ind1=" " ind2=" ">
   <subfield code="a">AR-BbBCA</subfield>
   <subfield code="b">BIB. AGRONOMIA</subfield>
   <subfield code="h">040</subfield>
   <subfield code="i">B148 1996-314</subfield>
   <subfield code="p">105418/996</subfield>
  </datafield>
 </record>
</collection>
